Diccionario : Francés-Español y Español-Francés

Sparad:
Bibliografiska uppgifter
Huvudupphovsman: Martínez Amador, Emilio
Materialtyp: Bok
Språk:Undetermined
Publicerad: Barcelona, España Ramón Sopena 1953
Ämnen:
Taggar: Lägg till en tagg
Inga taggar, Lägg till första taggen!

MARC

LEADER 00000nam a2200000Ia 4500
008 170316s9999 xx 000 0 und d
040 |a cru BVZT 
090 |a REF 
100 |a Martínez Amador, Emilio 
245 |a Diccionario : Francés-Español y Español-Francés 
260 |a Barcelona, España 
260 |b Ramón Sopena 
260 |c 1953 
300 |a 1878 páginas 
650 |a REFERENCIA 
942 |c REF 
999 |c 14701  |d 14701